A3 Financial accounting : study text : foundation level
محفوظ في:
| مؤلف مشترك: | |
|---|---|
| التنسيق: | كتاب |
| منشور في: |
Dar es salaam :
National Board of Accountant and Aditors Tanzania
c2019
|
| الموضوعات: | |
| الوسوم: |
إضافة وسم
لا توجد وسوم, كن أول من يضع وسما على هذه التسجيلة!
|
MARC
| LEADER | 00000nam a2200000 4500 | ||
|---|---|---|---|
| 020 | |a 9789976780758 |c TZs.40000/- | ||
| 040 | |a MUL |b eng. |e AACR | ||
| 082 | |a 657 NAT | ||
| 110 | |a National Board of Accountant and Aditors Tanzania(NBAA) | ||
| 245 | |a A3 Financial accounting : |b study text : foundation level |c / National Board of Accountant and Aditors Tanzania(NBAA) | ||
| 260 | |a Dar es salaam : |b National Board of Accountant and Aditors Tanzania |c c2019 | ||
| 300 | |a iii,559 p.; |b ill.; |c 30cm | ||
| 650 | |a Accounting | ||
| 942 | |c CC | ||
| 999 | |c 3836 |d 3836 | ||